| 000 | 00895nam0a22002771 4500 | ||
|---|---|---|---|
| 001 | rc\2937561 | ||
| 005 | 20250806211523.0 | ||
| 035 | _a(NLR Aleph) 007086591 | ||
| 090 |
_a50986 _c50986 |
||
| 100 | _a20110823d1943 u y0rusy50 ca | ||
| 101 | 0 | _arus | |
| 102 | _aRU | ||
| 105 | _ac z ||||| | ||
| 200 | 1 |
_aАвтоматчик Мильдзихов _fЮр. Корольков |
|
| 210 |
_a[Москва] _cВоениздат _d1943 |
||
| 215 |
_a20 с. _cпортр. _d14 см |
||
| 225 | 1 | _aГерои великой отечественной войны | |
| 300 | _aБез обл. | ||
| 700 | 1 |
_aКорольков _bЮ.М. _f1906-1981 _gЮрий Михайлович |
|
| 801 | 0 |
_aRU _bNLR _gpsbo |
|
| 801 | 1 |
_aRU _bELAR _2rusmarc |
|
| 852 |
_aNLR _jИр50 Г-2/443 |
||
| 942 | _cBOOK | ||
| 945 | _aРоссийская национальная библиотека | ||
| 980 | _aNB | ||
| 980 | _aBV | ||